| 000 | 00969nam a22002297a 4500 | ||
|---|---|---|---|
| 005 | 20240530110601.0 | ||
| 008 | 160919s2014 ua f | 00| f ara d | ||
| 017 |
_a2013/16393 _bمصر . دار الكتب المصرية |
||
| 020 | _a9789774485701 | ||
| 040 | _aEG-CaGPL | ||
| 082 | 0 | 4 |
_221 _a863\ _bم ق |
| 100 | 1 | _aمارياس ، خابير | |
| 245 | 1 | 0 |
_aقلب ناصع البياض : _bرواية / _cخابير مارياس ؛ ترجمة و تقديم طلعت شاهين ، عبدالهادى سعدون |
| 260 |
_aالقاهرة : _bالهيئة المصرية العامة للكتاب ، _c2014 . |
||
| 300 |
_a367 ص. ؛ _c24 سم . |
||
| 490 | 0 |
_aسلسلة الجوائز ؛ _v114 |
|
| 650 | 0 | 4 | _aالادب الاسبانى المترجم |
| 650 | 0 | 4 | _aالقصص الاسبانية المترجمة |
| 700 | 0 |
_aطلعت شاهين _eمترجم و مقدم |
|
| 700 | 0 |
_aعبدالهادى سعدون _eمترجم و مقدم |
|
| 942 |
_2ddc _cBK |
||
| 999 |
_c62678 _d62678 |
||